00716 2200217 4500001002100000005001500021035002000036007000300056008004100059020001500100082001100115084001700126100001900143245005300162260004000215300003000255500015700285650003100442856001700473990000800490INLIS00000000000025020220316073200 a0010-0322000048ta220316 g 0 ind  a9796260530 a297.64 a297.64 AZY e0 aAzyumardi Azra1 aEsei-Esei Intelektual Muslim dan Pendidikan Isam aJakarta :bLogos Wacana Ilmu,c1998 a186 hlm ;c15.5 x 23.5 cm aBuku ini merupakan bacaan penting bagi mahasiswa, dosen, para praktisi dunia pendidikan serta pengamat dan pemerhati masalah pendidikan dan intelektual. 4aKeluarga Nabi Muhammad SAW aKoleksi Umum a476